La barbarie austriaca contra las iglesias italianas. (Record no. 28848)

MARC details
000 -LEADER
campo de control de longitud fija 00366nam a2200133 i 4500
001 - NÚMERO DE CONTROL
campo de control 28848
003 - IDENTIFICADOR DE NÚMERO DE CONTROL
campo de control ES-MaACL
005 - FECHA Y HORA DE LA ÚLTIMA TRANSACCIÓN
campo de control 20230906153934.0
007 - CAMPO FIJO DE DESCRIPCIÓN FÍSICA--INFORMACIÓN GENERAL
campo de control de longitud fija t|
008 - DATOS DE LONGITUD FIJA--INFORMACIÓN GENERAL
campo de control de longitud fija 030120s1918 it ||||1| spa d
245 03 - MENCIÓN DEL TÍTULO
Título La barbarie austriaca contra las iglesias italianas.
260 ## - PUBLICACIÓN, DISTRIBUCIÓN, ETC.
Lugar de publicación, distribución, etc. Florencia :
Nombre del editor, distribuidor, etc. Istituto Micrografico Italiano,
Fecha de publicación, distribución, etc. [1918]
852 ## - LOCALIZACIÓN
Ubicación ES-MaACL
Número de control de estantería 1523-F-5
Holdings
Estatus retirado Estado de pérdida Estado de daño No para préstamo Colección Biblioteca de origen Biblioteca actual Ubicación en estantería Fecha de adquisición Fuente de adquisición Total de préstamos Signatura topográfica completa Código de barras Visto por última vez Precio de reemplazo Tipo de ítem Koha
        Colección de folletos Biblioteca del Ateneo de Madrid Biblioteca del Ateneo de Madrid Depósito folletos 17/01/2008     1523-F-5 1029784 23/02/2023 23/02/2023 Folleto